LEADER 01262nam--2200421---450- 001 990000793900203316 010 $a2-01-008256-7 035 $a0079390 035 $aUSA010079390 035 $a(ALEPH)000079390USA01 035 $a0079390 100 $a20011207d1983----km-y0itay0103----ba 101 $afre 102 $aFR 105 $a||||||||001yy 200 1 $a<> nouveau guide Frence$emanual de civilisation française$fGuy Michaud et Georges Torres 205 $aEd. entierement refoundue$favec la collaboration de Geoges Harquard 210 $aParis$cHachette$d1983 215 $a351 p.$cill. c. geog.$d21 cm 410 $12001 461 1$1001-------$12001 676 $a944 700 1$aMICHAUD,$bGuy$0132799 702 1$aHACQUARD,$bGeorges 702 01$aTORRES,$bGeorges 801 0$aIT$bsalbc$gISBD 912 $a990000793900203316 951 $aIL If 7$b63273 EC$cIL If 951 $aIL If 7$b63418 EC$cIL If 951 $aIL If 7$b63419 EC$cIL If 959 $aBK 969 $aECO 979 $aPATTY$b90$c20011207$lUSA01$h1627 979 $aPATTY$b90$c20011207$lUSA01$h1630 979 $c20020403$lUSA01$h1726 979 $aPATRY$b90$c20040406$lUSA01$h1655 996 $aNouveau guide Frence$9966131 997 $aUNISA LEADER 03673nam 22007695 450 001 9910298511103321 005 20200920173541.0 010 $a3-319-12739-X 024 7 $a10.1007/978-3-319-12739-2 035 $a(CKB)3710000000324950 035 $a(EBL)1967547 035 $a(OCoLC)908087386 035 $a(SSID)ssj0001407884 035 $a(PQKBManifestationID)11727543 035 $a(PQKBTitleCode)TC0001407884 035 $a(PQKBWorkID)11411604 035 $a(PQKB)11645618 035 $a(DE-He213)978-3-319-12739-2 035 $a(MiAaPQ)EBC1967547 035 $a(PPN)183151992 035 $a(EXLCZ)993710000000324950 100 $a20141229d2015 u| 0 101 0 $aeng 135 $aur|n|---||||| 181 $ctxt 182 $cc 183 $acr 200 10$aCopyright Versus Open Access $eOn the Organisation and International Political Economy of Access to Scientific Knowledge /$fby Marc Scheufen 205 $a1st ed. 2015. 210 1$aCham :$cSpringer International Publishing :$cImprint: Springer,$d2015. 215 $a1 online resource (204 p.) 225 1 $aInternational Law and Economics,$x2364-1851 300 $aDescription based upon print version of record. 311 $a3-319-12738-1 320 $aIncludes bibliographical references. 327 $aIntroduction -- Some Fundamental Economics -- Academic Journal Publishing and the Open Access Movement -- On the Access Principle in Science: A Law & Economics Analysis -- The Future of Academic Publishing -- Conclusions and Further Research -- Appendix. 330 $aThis book addresses the recent debate about copyright law and its impact on the distribution of scientific knowledge from an economic perspective. The focus is on the question whether a copyright regime or an open access regime is better suited to the norms and organizational structure in a purely global science community. The book undertakes a thorough economic analysis of the academic journal market and showcases consequences of a regime change. It also takes account of the Digital Divide debate, reflecting issues in developing countries. Finally, a comprehensive analysis of legal action in the light of international Intellectual Property (IP) agreements offers prospects on the future of academic publishing. 410 0$aInternational Law and Economics,$x2364-1851 606 $aLaw and economics 606 $aMass media 606 $aLaw 606 $aGlobalization 606 $aMarkets 606 $aIndustrial organization 606 $aLaw and Economics$3https://scigraph.springernature.com/ontologies/product-market-codes/W39000 606 $aIT Law, Media Law, Intellectual Property$3https://scigraph.springernature.com/ontologies/product-market-codes/R15009 606 $aEmerging Markets/Globalization$3https://scigraph.springernature.com/ontologies/product-market-codes/525010 606 $aIndustrial Organization$3https://scigraph.springernature.com/ontologies/product-market-codes/W31010 615 0$aLaw and economics. 615 0$aMass media. 615 0$aLaw. 615 0$aGlobalization. 615 0$aMarkets. 615 0$aIndustrial organization. 615 14$aLaw and Economics. 615 24$aIT Law, Media Law, Intellectual Property. 615 24$aEmerging Markets/Globalization. 615 24$aIndustrial Organization. 676 $a330 676 $a338.6 676 $a343099 676 $a381 700 $aScheufen$b Marc$4aut$4http://id.loc.gov/vocabulary/relators/aut$01065001 906 $aBOOK 912 $a9910298511103321 996 $aCopyright Versus Open Access$92542212 997 $aUNINA